| 000 | 00474 a2200157 4500 | ||
|---|---|---|---|
| 082 | _a629.1351KAY | ||
| 090 |
_c39639 _d39639 |
||
| 100 | _aMyron, Kayton ; Walter R Fried | ||
| 245 |
_aAvionics Navigation Systems, 2nd Ed _cKayton Myron _hEnglish |
||
| 250 | _a2 | ||
| 260 |
_aNY _bWiley Interscience, NY _c1997 |
||
| 300 |
_axxiv, 773 p. ( 75840 origional copy) _bphotocopy |
||
| 500 | _aAvionics Textbook | ||
| 600 | _aWalter R Fried | ||
| 942 |
_aNUST-CAE _k629.1351KAY _cAV |
||
| 999 |
_c472479 _d472479 |
||